Best-liked literature
Αποθηκεύτηκε σε:
| Άλλοι συγγραφείς: | , |
|---|---|
| Μορφή: | Βιβλίο |
| Γλώσσα: | English |
| Δημοσίευση: |
Boston ; New York :
Ginn and Company,
[1944-]
|
| Θέματα: | |
| Ετικέτες: |
Προσθήκη ετικέτας
Δεν υπάρχουν, Καταχωρήστε ετικέτα πρώτοι!
|
MARC
| LEADER | 00000cam a2200000 i 4500 | ||
|---|---|---|---|
| 001 | 1/94825 | ||
| 008 | 081002m19449999 eng d | ||
| 035 | |l 10100585 | ||
| 040 | |a GR-MY-UA |b gre |e aacr | ||
| 041 | 0 | |a eng | |
| 082 | 0 | |a 810.8 |2 (22) | |
| 245 | 1 | 0 | |a Best-liked literature / |c Angela M. Broening...[κ.ά.] ; illustrations by Dan Sweeney |
| 260 | |a Boston ; New York : |b Ginn and Company, |c [1944-] | ||
| 300 | |a ...τ.; |b εικ.; |c 22 εκ. | ||
| 500 | |a Το Παράρτημα της Ρόδου διαθέτει τον 1ο τόμο του έργου | ||
| 504 | |a Περιλαμβάνει ευρετήριο | ||
| 650 | 0 | 0 | |a American literature |y 20th century. |
| 650 | 0 | 0 | |a Literature |v Collections. |
| 650 | 0 | 0 | |a American literature |x History and criticism. |
| 650 | 0 | 0 | |a Readers (Elementary) |
| 700 | 1 | |a Broening, Angela M. |q (Angela Marie), |d 1898-1972. | |
| 700 | 1 | |a Sweeney, Dan. |4 ill | |
| 852 | |a INST |b RHODES |c AKA |e 20081002 |h 810.8 BES |p 005400030814 |q 005400030814 |t BK |v τ.1: |y 0 |z τ.1 | ||
| 852 | |a INST |b RHODES |c AKA |e 20081002 |h 810.8 BES |p 005400030815 |q 005400030815 |t BK |v τ.1: |y 0 |z τ.1 | ||
| 853 | |a INST |b RHODES |c AKA |h 810.8 BES | ||
| 901 | |a BIBL4-2008-3 | ||
| 909 | |a Ρ |b 153135 | ||
| 909 | |a Ρ |b 153136 | ||
| 970 | |a ΧΑΡΙΟΠΟΛΙΤΟΥ |b ΚΩΝΣΤΑΝΤΙΝΑ |z 2008/10/02 | ||